00804nam a2200181Ia 4500003000900000008004100009020001600050040001600066080002300082111009300105245023600198260003700434300001500471490002600486650003800512700003500550710003700585IN-BaIIA211028s9999 xx 000 0 eng d a2-9512397-0 cIIA Library a082.2:52bIAU-S181 aSymposium of the International Astronomical Unionn181stcFranced1996 Sept. 30 - Oct. 3 0aSounding solar and stellar interiorsbproceedings of the IAU symposium no.181 held at Nice, France from September 30 - October 3, 1996cedited by J. Provost and Francois-Xavier Schmider  aFrancebUniversite de Nicec1998 axiv, 294p. aIAU Symposium; no.181 aStellar interiors, Solar interior aSchmider, Francois-Xavier, ed. aInternational Astronomical Union